Introducing social semiotics (Record no. 579359)

MARC details
000 -LEADER
fixed length control field 00707nam a2200229Ia 4500
003 - CONTROL NUMBER IDENTIFIER
control field OSt
005 - DATE AND TIME OF LATEST TRANSACTION
control field 20251112162528.0
008 - FIXED-LENGTH DATA ELEMENTS--GENERAL INFORMATION
fixed length control field 220923b |||||||| |||| 00| 0 eng d
020 ## - INTERNATIONAL STANDARD BOOK NUMBER
International Standard Book Number 0415249449
037 ## - SOURCE OF ACQUISITION
Terms of availability General Book
040 ## - CATALOGING SOURCE
Original cataloging agency RTL
Transcribing agency RTL
Language of cataloging eng
041 ## - LANGUAGE CODE
Source of code eng
Language code of text/sound track or separate title eng
084 ## - COLON CLASSIFICATION NUMBER
Classification number Y:3(P), P5
Assigning agency RTL
100 ## - MAIN ENTRY--PERSONAL NAME
Personal name Leeuwen, Theo Van
9 (RLIN) 17234
245 #0 - TITLE STATEMENT
Title Introducing social semiotics
260 ## - PUBLICATION, DISTRIBUTION, ETC.
Place of publication, distribution, etc. London
Name of publisher, distributor, etc. Routledge
Date of publication, distribution, etc. 2005
300 ## - PHYSICAL DESCRIPTION
Extent xiii, 301 p.
Other physical details Includes bibliographical references and index.
500 ## - GENERAL NOTE
General note Bibliography: P 289-296
650 ## - SUBJECT ADDED ENTRY--TOPICAL TERM
Topical term or geographic name entry element Sociology of Language
9 (RLIN) 231513
942 ## - ADDED ENTRY ELEMENTS (KOHA)
Classification part Y:3(P), P5
Koha item type General Books
Source of classification or shelving scheme Colon Classification (CC)
Suppress in OPAC No
Holdings
Withdrawn status Lost status Damaged status Not for loan Home library Current library Date acquired Source of acquisition Cost, normal purchase price Total Checkouts Full call number Barcode Date last seen Cost, replacement price Price effective from Koha item type
        Ratan Tata Library Ratan Tata Library 2022-09-25 18273, 17/02/2005, SBD 1419.34   Y:3(P) P5 RT1323028 2022-09-25 1419.34 2022-09-25 General Books
Copyright @ Delhi University Library System